|
|
|
|
| LEADER |
00000cam a2200000 7i4500 |
| 001 |
0000000888 |
| 005 |
20230522093000.0 |
| 008 |
021118s1980 |
| 090 |
0 |
0 |
|a BP75.3
|b .I8 1980
|
| 100 |
0 |
|
|a اسماعيل، شعبان محمد ,
|e author
|
| 241 |
2 |
0 |
|a Min khasais al-Rasul wa-shama'ilih
|
| 245 |
1 |
0 |
|a من خصائص الرسول وشمائله
|c شعبان محمد اسماعيل
|
| 260 |
2 |
|
|a Riyad :
|b Dar al-Marikh ,
|c 1980
|
| 300 |
|
|
|a 112 p. ;
|c 25 cm.
|
| 600 |
0 |
0 |
|a Muhammad ,
|c Prophet ,
|d d. 632
|x Prophetic office
|
| 600 |
0 |
0 |
|a Muhammad ,
|c Prophet ,
|d d. 632
|x Character
|
| 999 |
|
|
|a 1000015930
|b Book
|c OPEN SHELF (30 DAYS)
|e Gong Badak Campus
|
| 999 |
|
|
|a 1000015931
|b Book
|c OPEN SHELF (30 DAYS)
|e Gong Badak Campus
|